| 000 | 00901nas a2200277 4500 | ||
|---|---|---|---|
| 001 | BR0602936 | ||
| 003 | BR-BrBNA | ||
| 005 | 20231205110106.0 | ||
| 007 | ta | ||
| 008 | 230509b bl.|||p| |||| 00| 00por d | ||
| 040 |
_aBR-BrBNA _bpor _cBiblioteca Nacional de Agricultura |
||
| 041 | _a(En) | ||
| 072 | _aL73; L70 | ||
| 100 | 1 | _aSoares, E.C. | |
| 100 | 1 | _aLarsson, M.H.M.A. | |
| 100 | 1 | _aYamato, R.J. | |
| 245 | 1 | _aChronic valvular disease: correlation between clinical, electrocardiographic, radiographic and echocardiographic aspects in dogs | |
| 650 | _aCÃO | ||
| 650 | _aCORAÇÃO | ||
| 650 | _aDOENÇA ANIMAL | ||
| 650 | _aRADIOGRAFIA | ||
| 650 | _aELETROCARDIOGRAFIA | ||
| 773 | 0 |
_tArquivo Brasileiro de Medicina Veterinária e Zootecnia (Brazil) _xISSN 0102-0935 _g(Jun 2005), v. 57(4) p. 436-441 _wBR0602936 |
|
| 909 |
_a202311 _bLúcia _c55 _dLúcia Elande |
||
| 942 |
_2AGRIS _n0 _cANA |
||
| 999 |
_c186174 _d186174 |
||